| 000 | 00720nam a22002057a 4500 | ||
|---|---|---|---|
| 999 |
_c10410 _d10410 |
||
| 003 | AR-CdUCM | ||
| 008 | 190401b ||||| |||| 00| 0 spa d | ||
| 040 |
_aMUNICIPALIDAD PROVINCIAL DEL CUSCO _cBIBLIOTECA MUNICIPAL DEL CUSCO |
||
| 082 |
_26ed. _aES / 800 / _bM26 |
||
| 245 |
_aJorge Washington : _bEl Libertador de Norteamérica / |
||
| 260 |
_aBarcelona : _bAraluce ; _c1954. |
||
| 300 |
_a126 páginas ; _c15cm _bIlustraciones |
||
| 440 |
_aLos Grandes Hechos de los Grandes Hombres _927218 |
||
| 505 | _aContenido: Novela | ||
| 650 |
_aNovela _9572 |
||
| 650 |
_aLiteratura juvenil _91580 |
||
| 700 |
_aMartínez Tomás, Antonio (su vida relatada a la juventud) _927247 |
||
| 942 |
_2ddc _cLIBROS |
||
| 945 | _anom | ||